000 00295nam a2200109Ia 4500
008 220204s9999 xx 000 0 und d
082 _a339.138
_bMAR
245 0 _aMarketing planning and strategy. Pt 1 - 7
260 _aUSA
_bHarward College
_c1974
505 _aRs. 133 for each part
942 _cBK
999 _c37253
_d37253